To remember : London street musicians 1975-1990 /

Hlavní autor: Luskačová, Markéta, 1944-
Další autoři: Berger, John, Bossen, Howard
Jazyk: Angličtina
Čeština
Vydáno: [Česko] : [nakladatel není známý], 2016
Vydání: First edition
Témata:
Fyzický popis: 119 stran : ilustrace, faksimile ; 31 cm
Language note: Převážně souběžný český text
Knihy
Uloženo v:
LEADER 02673nam a2200685 i 4500
001 nkc20162814712
003 CZ PrNK
005 20161206065809.0
007 ta
008 160729s2016 xr ah e 000 0 eng
015 |a cnb002814712 
020 |a 978-80-270-0241-2  |q (vázáno) 
035 |a (OCoLC)965747598 
040 |a BOA001  |b cze  |e rda 
041 1 |a eng  |a cze  |h eng 
043 |a e-uk---  |a e-uk-en  |a e-xr--- 
045 |a x7x9 
072 7 |a 77  |x Fotografie. Fotografické postupy  |2 Konspekt  |9 21 
080 |a 77.03/.08-026.91  |2 MRF 
080 |a 77.065  |2 MRF 
080 |a 7.071.1-026.91  |2 MRF 
080 |a 394  |2 MRF 
080 |a (437.3)  |2 MRF 
080 |a (410)  |2 MRF 
080 |a (410.1)  |2 MRF 
080 |a (084.12)  |2 MRF 
100 1 |a Luskačová, Markéta,  |d 1944-  |7 jn99240000647  |4 pht  |4 wfw 
245 1 0 |a To remember :  |b London street musicians 1975-1990 /  |c Markéta Luskačová ; foreword John Berger ; afterword Howard Bossen 
246 3 0 |a London street musicians 1975-1990 
250 |a First edition 
264 1 |a [Česko] :  |b [nakladatel není známý],  |c 2016 
300 |a 119 stran :  |b ilustrace, faksimile ;  |c 31 cm 
336 |a text  |b txt  |2 rdacontent 
336 |a statický obraz  |b sti  |2 rdacontent 
337 |a bez média  |b n  |2 rdamedia 
338 |a svazek  |b nc  |2 rdacarrier 
500 |a Životopisná data, přehled výstav a zastoupení ve sbírkách 
546 |a Převážně souběžný český text 
600 1 7 |a Luskačová, Markéta,  |d 1944-  |7 jn99240000647  |2 czenas 
648 7 |a 20. století  |7 ch460558  |2 czenas 
648 4 |a 1975-1990 
650 0 7 |a pouliční fotografie  |7 ph898891  |z Česko  |y 20. století  |2 czenas 
650 0 7 |a černobílá fotografie  |7 ph166376  |z Česko  |y 20. století  |2 czenas 
650 0 7 |a pouliční umělci  |7 ph565277  |z Velká Británie  |y 20. století  |2 czenas 
650 0 7 |a každodenní život  |7 ph121555  |z Velká Británie  |y 20. století  |2 czenas 
650 0 9 |a street photography  |z Czechia  |y 20th century  |2 eczenas 
650 0 9 |a black-and-white photography  |z Czechia  |y 20th century  |2 eczenas 
650 0 9 |a street artists  |z Great Britain  |y 20th century  |2 eczenas 
650 0 9 |a everyday life  |z Great Britain  |y 20th century  |2 eczenas 
651 7 |a Londýn (Anglie)  |7 ge129867  |2 czenas 
651 9 |a London (England)  |2 eczenas 
655 7 |a fotografické publikace  |7 fd132276  |2 czenas 
655 9 |a photographical works  |2 eczenas 
700 1 |a Berger, John  |4 wfw 
700 1 |a Bossen, Howard  |7 jx20110405003  |4 waw 
910 2 |a BOA001  |b 4-1376.020 
990 |a BK 
995 |a 01 
991 |b 201610  |c NOV 
996 6 |b 2610684022  |c 4-1376.020  |l MZK  |r Sklad / do 1 hodiny  |n 1  |p p.v.  |w 001581685  |u 000010  |a 1  |e BOA001  |j MZK50  |s P